[Event "Lichtenberger Sommer 2018"]
[Site "?"]
[Date "2018.08.25"]
[Round "8.17"]
[White "Schäfer, Heiko"]
[Black "Möller, Dustin"]
[Result "1-0"]
[WhiteElo "1978"]
[BlackElo "2149"]
[PlyCount "77"]
[EventDate "2018.??.??"]
[WhiteTeam "Potsdamer SV"]
[BlackTeam "Eckernförder SC"]

1. e4 e6 2. d4 d5 3. Nd2 a6 4. Bd3 c5 5. c3 Nc6 6. exd5 exd5 7. Ngf3 c4 8. Bc2
Qe7+ 9. Qe2 Nf6 10. Ne5 Nxe5 11. dxe5 Nd7 12. Nf3 h6 13. b3 Nc5 14. O-O b5 15.
Nd4 Bb7 16. Ba3 Qc7 17. Qg4 Bc8 18. Qf3 Bb7 19. Qg4 Bc8 20. Nf5 g6 21. e6 gxf5
22. exf7+ Qxf7 23. Qd4 Qg7 24. Rfe1+ Ne6 25. Qxd5 Bxa3 26. Qxa8 O-O 27. Qd5 Kh8
28. Rxe6 Bb7 29. Qe5 Qxe5 30. Rxe5 Bb2 31. Rd1 Bxc3 32. Rxf5 Rg8 33. g3 Re8 34.
Rf7 Ba8 35. Rfd7 Bf3 36. Rd8 Rxd8 37. Rxd8+ Kg7 38. Rd6 cxb3 39. axb3 1-0

[Event "Lichtenberger Sommer 2018"]
[Site "?"]
[Date "2018.08.25"]
[Round "8.18"]
[White "Verbitsky, Jaroslaw"]
[Black "Niehaus, Frank"]
[Result "0-1"]
[WhiteElo "1845"]
[BlackElo "2191"]
[PlyCount "62"]
[EventDate "2018.??.??"]
[WhiteTeam "SV Mattnetz Berlin"]
[BlackTeam "SK König Tegel"]

1. d4 Nf6 2. Nf3 g6 3. e3 Bg7 4. Bd3 O-O 5. O-O d6 6. b3 b6 7. Bb2 c5 8. c4 Bb7
9. Nbd2 Nbd7 10. d5 e5 11. Ne1 Ne8 12. f4 f5 13. g4 exf4 14. Bxg7 Nxg7 15. Rxf4
Qe7 16. Ng2 Ne5 17. Be2 Rae8 18. a3 Bc8 19. b4 fxg4 20. bxc5 bxc5 21. Qc2 Nh5
22. Rxf8+ Rxf8 23. Rf1 Rxf1+ 24. Nxf1 Nf3+ 25. Kh1 Bf5 26. Qb3 Be4 27. Bd3 Nh4
28. Bxe4 Qxe4 29. Qa2 Nxg2 30. Qxg2 Qxc4 31. e4 Nf6 0-1

[Event "Lichtenberger Sommer 2018"]
[Site "?"]
[Date "2018.08.25"]
[Round "8.19"]
[White "Badestein, Hartmut"]
[Black "Simon, Ralf-Axel"]
[Result "1-0"]
[WhiteElo "2025"]
[BlackElo "2149"]
[PlyCount "79"]
[EventDate "2018.??.??"]
[WhiteTeam "SC Friesen Lichtenberg"]
[BlackTeam "SK Ricklingen"]

1. e4 c5 2. Nf3 d6 3. d4 cxd4 4. Nxd4 Nf6 5. Nc3 a6 6. Be2 e6 7. O-O Qc7 8. f4
Be7 9. Kh1 b5 10. e5 dxe5 11. fxe5 Nfd7 12. Bf4 Bb7 13. Bf3 O-O 14. Qe1 Rd8 15.
Rd1 Nf8 16. Bg3 Bc5 17. Nb3 Rxd1 18. Qxd1 Nbd7 19. Ne4 Rd8 20. Nbxc5 Nxc5 21.
Nd6 Ng6 22. b4 Ne4 23. Bxe4 Bxe4 24. Qg4 Bxc2 25. h4 Rd7 26. h5 Nf8 27. Ne8 g6
28. Nxc7 Rxc7 29. h6 Nd7 30. Rc1 Rc4 31. Qe2 Bd3 32. Qd2 Rxc1+ 33. Qxc1 Bc4 34.
Qg5 f6 35. exf6 Bxa2 36. Qe3 Ne5 37. Bxe5 Bc4 38. g4 Bd5+ 39. Kh2 g5 40. Qxg5+
1-0

[Event "Lichtenberger Sommer 2018"]
[Site "?"]
[Date "2018.08.25"]
[Round "8.20"]
[White "Vogel, Robert"]
[Black "Bonnez, Finn"]
[Result "1-0"]
[WhiteElo "2134"]
[BlackElo "1946"]
[PlyCount "59"]
[EventDate "2018.??.??"]
[WhiteTeam "SG Pang-Rosenheim"]
[BlackTeam "Norrebro Chessclub"]

1. d4 Nf6 2. c4 c6 3. Nc3 d5 4. Nf3 g6 5. cxd5 cxd5 6. Bf4 a6 7. e3 Bg7 8. Bd3
Nc6 9. Rc1 O-O 10. h3 e6 11. O-O Qe7 12. Na4 Nd7 13. a3 e5 14. dxe5 Ncxe5 15.
Be2 Nxf3+ 16. Bxf3 g5 17. Bg3 b5 18. Qxd5 Ra7 19. Bd6 Qe8 20. Bxf8 Qxf8 21. Nc5
Ne5 22. Be2 Ng6 23. b4 Be5 24. Rcd1 Re7 25. Qd8 Bb2 26. Qxf8+ Kxf8 27. Rd8+ Re8
28. Rxe8+ Kxe8 29. a4 bxa4 30. Nxa4 1-0

[Event "Lichtenberger Sommer 2018"]
[Site "?"]
[Date "2018.08.25"]
[Round "8.21"]
[White "Daverkausen, Bernd"]
[Black "Jaeger, Andre"]
[Result "1/2-1/2"]
[WhiteElo "2132"]
[BlackElo "1974"]
[PlyCount "35"]
[EventDate "2018.??.??"]
[WhiteTeam "Kölner SK Dr. Lasker"]
[BlackTeam "SC Rochade (Berlin)"]

1. d4 Nf6 2. Nf3 d6 3. g3 g6 4. Bg2 Bg7 5. O-O O-O 6. a4 Nbd7 7. a5 e5 8. dxe5
dxe5 9. a6 c6 10. Nc3 Qc7 11. Nd2 Nc5 12. axb7 Bxb7 13. Nc4 Rfd8 14. Qe1 Nd5
15. Na4 Nxa4 16. Rxa4 Nb6 17. Qa5 Rd7 18. Nxb6 1/2-1/2

[Event "Lichtenberger Sommer 2018"]
[Site "?"]
[Date "2018.08.25"]
[Round "8.22"]
[White "Heppert, Lars"]
[Black "Freundorfer, Josef"]
[Result "1-0"]
[WhiteElo "1925"]
[BlackElo "2147"]
[PlyCount "75"]
[EventDate "2018.??.??"]
[WhiteTeam "SK Neuburg"]
[BlackTeam "MTV Ingolstadt"]

1. c4 Nf6 2. g3 g6 3. Bg2 Bg7 4. Nc3 d6 5. d4 O-O 6. Nf3 Nbd7 7. O-O e5 8. e4
Re8 9. dxe5 dxe5 10. Qc2 c6 11. h3 Qe7 12. Be3 Nc5 13. b4 Na6 14. a3 Be6 15.
Nxe5 Nh5 16. Ng4 Bxc4 17. Rfe1 Qe6 18. Nh6+ Kh8 19. e5 Rad8 20. g4 Bxh6 21.
Bxh6 Ng7 22. Re3 c5 23. Rae1 cxb4 24. Ne4 Rg8 25. Ng5 Qc8 26. e6 Rdf8 27. exf7
Rxf7 28. Nxf7+ Bxf7 29. Qxc8 Rxc8 30. Bxb7 Rb8 31. Bxa6 Rb6 32. Bc4 Bxc4 33.
Re7 bxa3 34. Bxg7+ Kg8 35. Rxa7 Rb8 36. Bd4 Rb3 37. Bc5 Bb5 38. Rc1 1-0

[Event "Lichtenberger Sommer 2018"]
[Site "?"]
[Date "2018.08.25"]
[Round "8.23"]
[White "Stark, Ingo"]
[Black "Alten, Silvio"]
[Result "1-0"]
[WhiteElo "2107"]
[BlackElo "1899"]
[PlyCount "81"]
[EventDate "2018.??.??"]
[WhiteTeam "TSG Oberschöneweide"]
[BlackTeam "SV Mattnetz Berlin"]

1. e4 c6 2. Nc3 d5 3. Nf3 Bg4 4. h3 Bxf3 5. Qxf3 e6 6. d3 Nf6 7. g4 Bb4 8. Bd2
d4 9. Nb1 Qb6 10. c3 Ba5 11. b4 dxc3 12. bxa5 cxd2+ 13. Nxd2 Qd4 14. Rb1 b5 15.
g5 Nfd7 16. Qe3 Qa4 17. d4 Qxa2 18. Qc3 e5 19. d5 b4 20. Rxb4 O-O 21. dxc6 Nxc6
22. Qxc6 Qxa5 23. Ra4 Qd8 24. h4 Rc8 25. Qd6 Rc1+ 26. Ke2 Qc8 27. Bg2 Rc6 28.
Qb4 a6 29. Bh3 Rd8 30. Ra2 Qc7 31. Qe7 Nb8 32. Qxc7 Rxc7 33. Rb1 Kf8 34. Kf1
Ke7 35. Kg2 f6 36. Rb6 Nc6 37. Rc2 Rd6 38. Nf1 Kd8 39. Ne3 g6 40. Nd5 a5 41.
gxf6 1-0

[Event "Lichtenberger Sommer 2018"]
[Site "?"]
[Date "2018.08.25"]
[Round "8.24"]
[White "Lange, Cecilia"]
[Black "Rohde, Wolfgang"]
[Result "0-1"]
[WhiteElo "1959"]
[BlackElo "2085"]
[PlyCount "138"]
[EventDate "2018.??.??"]
[WhiteTeam "TSG Oberschöneweide"]
[BlackTeam "SC Friesen Lichtenberg"]

1. e4 c5 2. Nf3 e6 3. d4 cxd4 4. Nxd4 a6 5. Nc3 Ne7 6. Bd3 Nec6 7. Nb3 b5 8.
O-O h5 9. Qe2 d6 10. f4 Bb7 11. Be3 Nd7 12. a4 b4 13. Na2 Be7 14. c3 bxc3 15.
Nxc3 Nb4 16. Bc4 Rc8 17. a5 Qc7 18. Bd3 Nxd3 19. Qxd3 Qc4 20. Qc2 Nf6 21. Nd2
Qc6 22. Rfc1 d5 23. Qd1 Qd7 24. exd5 Bxd5 25. Nxd5 Nxd5 26. Bd4 O-O 27. Qf3 Nf6
28. Bc3 Rfd8 29. Ne4 Nxe4 30. Qxe4 Qd5 31. Qe2 Rc4 32. Rd1 Qc5+ 33. Kh1 h4 34.
Qg4 g6 35. Qf3 Rd5 36. Re1 Bf8 37. Re5 Bg7 38. Rxd5 Qxd5 39. Bxg7 Qxf3 40. gxf3
Kxg7 41. f5 gxf5 42. Rb1 Rc2 43. b4 Kf6 44. b5 axb5 45. Ra1 Rc7 46. Rb1 Rb7 47.
f4 b4 48. Kg2 Ra7 49. Rxb4 Rxa5 50. Kh3 Ra2 51. Kxh4 Rxh2+ 52. Kg3 Re2 53. Kf3
Re1 54. Ra4 Kg6 55. Ra2 Re4 56. Rg2+ Kf6 57. Ra2 Rb4 58. Ra3 Kg6 59. Ra1 f6 60.
Ra6 Re4 61. Rb6 Kh5 62. Ra6 e5 63. Rxf6 Rxf4+ 64. Ke3 Kg5 65. Rf8 Ra4 66. Rg8+
Kf6 67. Rf8+ Kg6 68. Kf3 Ra3+ 69. Kf2 Kg5 0-1

[Event "Lichtenberger Sommer 2018"]
[Site "?"]
[Date "2018.08.25"]
[Round "8.25"]
[White "Nohr, Jonas"]
[Black "Matitschka, Heinz"]
[Result "1-0"]
[WhiteElo "2100"]
[BlackElo "1938"]
[PlyCount "69"]
[EventDate "2018.??.??"]
[WhiteTeam "Königsjäger Süd-West"]
[BlackTeam "TSG Oberschöneweide"]

1. d4 Nf6 2. c4 e6 3. Nf3 d5 4. Nc3 c6 5. e3 Bd6 6. Bd3 Nbd7 7. O-O O-O 8. e4
Nxe4 9. Nxe4 dxe4 10. Bxe4 Nf6 11. Bc2 Qc7 12. Bg5 Bf4 13. Qd3 Bxg5 14. Nxg5 g6
15. Rad1 e5 16. Qg3 Nh5 17. Qxe5 Qxe5 18. dxe5 Nf4 19. Rfe1 Ne6 20. Ne4 c5 21.
Nf6+ Kg7 22. Be4 Rd8 23. Rxd8 Nxd8 24. Rd1 Be6 25. b3 a5 26. h3 a4 27. Ne8+ Kf8
28. Nc7 Rb8 29. Rd6 axb3 30. axb3 Ke7 31. Rb6 Bd7 32. Nd5+ Kf8 33. Nf6 Bc6 34.
Bxc6 Nxc6 35. Nd7+ 1-0

[Event "Lichtenberger Sommer 2018"]
[Site "?"]
[Date "2018.08.25"]
[Round "8.26"]
[White "Barskij, Aleksandr"]
[Black "Dathe, Frederick"]
[Result "0-1"]
[WhiteElo "1890"]
[BlackElo "2007"]
[PlyCount "84"]
[EventDate "2018.??.??"]
[WhiteTeam "SV Unna"]
[BlackTeam "SC Kreuzberg"]

1. e4 d5 2. exd5 Qxd5 3. Nc3 Qd6 4. d4 Nf6 5. Nf3 g6 6. Bc4 Bg7 7. O-O O-O 8.
h3 a6 9. a4 Nc6 10. b3 Ne8 11. Ba3 Qd8 12. Bd5 Bd7 13. Re1 Nd6 14. Ne5 Nf5 15.
Bc5 Nxe5 16. dxe5 c6 17. Bc4 b6 18. g4 bxc5 19. gxf5 Bxf5 20. Qxd8 Rfxd8 21.
Re2 Bxh3 22. f4 Rd4 23. Ne4 Bg4 24. Re3 Bh6 25. Rf1 Bf5 26. Bd3 Bxe4 27. Bxe4
Rad8 28. c3 Rd1 29. Ref3 e6 30. Bxc6 Rxf1+ 31. Kxf1 Rd2 32. a5 Rb2 33. c4 Ra2
34. Ba4 Kf8 35. Rd3 Bxf4 36. Rd8+ Kg7 37. Rd6 h5 38. Rxa6 h4 39. Kg1 h3 40. Bc6
h2+ 41. Kf1 Ra1+ 42. Ke2 Bxe5 0-1

[Event "Lichtenberger Sommer 2018"]
[Site "?"]
[Date "2018.08.25"]
[Round "8.27"]
[White "Bender, Sebastian"]
[Black "Hahlbohm, Matthias"]
[Result "0-1"]
[WhiteElo "1896"]
[BlackElo "2112"]
[PlyCount "60"]
[EventDate "2018.??.??"]
[WhiteTeam "SC Zugzwang 95 (Berlin)"]
[BlackTeam "TSG Oberschöneweide"]

1. e4 c5 2. c3 d5 3. exd5 Qxd5 4. d4 e5 5. dxe5 Qxe5+ 6. Be2 Nf6 7. Nf3 Qc7 8.
Na3 a6 9. g3 b5 10. Bf4 Qb6 11. O-O Be7 12. Re1 Ra7 13. Qb3 Rb7 14. Ng5 c4 15.
Bxc4 bxc4 16. Qxc4 O-O 17. Nxf7 Bxa3 18. Nd6+ Kh8 19. Nxc8 Qc5 20. Qxc5 Bxc5
21. Nd6 Rxb2 22. Rf1 Nbd7 23. Nc4 Rc2 24. Ne3 Rxc3 25. Rac1 Rxc1 26. Rxc1 h6
27. Nc4 Ng4 28. Rc2 Nxf2 29. Ne3 Nh3+ 30. Kg2 Nxf4+ 0-1

[Event "Lichtenberger Sommer 2018"]
[Site "?"]
[Date "2018.08.25"]
[Round "8.28"]
[White "Miowitz, Torsten"]
[Black "Kunz, Andre"]
[Result "0-1"]
[WhiteElo "1858"]
[BlackElo "2159"]
[PlyCount "109"]
[EventDate "2018.??.??"]
[WhiteTeam "Lasker Steglitz-Wilmersdorf"]
[BlackTeam "BSV 63 Chemie Weißensee"]

1. d4 d5 2. Nf3 Nf6 3. c4 dxc4 4. e3 Bg4 5. Bxc4 e6 6. h3 Bh5 7. Nc3 Nc6 8. g4
Bg6 9. h4 h5 10. g5 Ne4 11. Bb5 Nxc3 12. bxc3 Be4 13. Bd3 Qd5 14. Bxe4 Qxe4 15.
Ke2 O-O-O 16. Qd3 Qxf3+ 17. Kxf3 Ne5+ 18. Ke2 Nxd3 19. Kxd3 e5 20. Ke2 exd4 21.
cxd4 f6 22. Bb2 Be7 23. f4 f5 24. Bc3 Rhe8 25. Kf3 g6 26. Rhe1 Bd6 27. Rab1 c6
28. e4 fxe4+ 29. Rxe4 Rxe4 30. Kxe4 Re8+ 31. Kf3 Rf8 32. Bd2 Rf5 33. Re1 Kd7
34. Rb1 b6 35. a4 Bc7 36. Ke4 a6 37. Rb3 Rf8 38. Rf3 Ke6 39. Rc3 Kd7 40. Rf3
Rf5 41. Rd3 Bd6 42. Rb3 Kc7 43. Rd3 Kb7 44. d5 c5 45. Rf3 b5 46. axb5 axb5 47.
Ra3 Rf8 48. Be3 Kb6 49. Ra2 Re8+ 50. Kf3 b4 51. Re2 Kb5 52. Bxc5 Rxe2 53. Bxd6
b3 54. Be5 Rxe5 55. fxe5 0-1

[Event "Lichtenberger Sommer 2018"]
[Site "?"]
[Date "2018.08.25"]
[Round "8.29"]
[White "Lehmkuhl, Stefan"]
[Black "Amelang, Thomas"]
[Result "0-1"]
[WhiteElo "1892"]
[BlackElo "2177"]
[PlyCount "82"]
[EventDate "2018.??.??"]
[WhiteTeam "Breloher SC"]
[BlackTeam "Münchener SC"]

1. d4 c5 2. c3 Qc7 3. g3 g6 4. Bg2 Bg7 5. Nf3 Nf6 6. O-O O-O 7. Nbd2 d6 8. Re1
Nc6 9. dxc5 dxc5 10. Nc4 Be6 11. Bf4 Qc8 12. Nce5 Bd5 13. Qa4 Nh5 14. Nxc6 Bxc6
15. Qc4 Nxf4 16. Qxf4 b6 17. Red1 Qb7 18. Qh4 h6 19. Rd2 e5 20. Rad1 e4 21. Ne1
g5 22. Qh5 Qe7 23. Nc2 f5 24. Ne3 Ba4 25. Nd5 Qe5 26. b3 Be8 27. Qh3 c4 28. e3
Rc8 29. Bf1 b5 30. bxc4 bxc4 31. Rd4 Bf7 32. Be2 Rfd8 33. Nb6 Qc7 34. Nxc8 Bxd4
35. Qxf5 Bxc3 36. Rxd8+ Qxd8 37. Qc5 Qa5 38. Qxa5 Bxa5 39. Nd6 c3 40. Nxf7 c2
41. Nxh6+ Kf8 0-1

[Event "Lichtenberger Sommer 2018"]
[Site "?"]
[Date "2018.08.25"]
[Round "8.30"]
[White "Guder, Sibylle"]
[Black "Albert, Jörg"]
[Result "0-1"]
[WhiteElo "1794"]
[BlackElo "2141"]
[PlyCount "82"]
[EventDate "2018.??.??"]
[WhiteTeam "SF 1903 Berlin"]
[BlackTeam "SV Eiche Reichenbrand"]

1. e4 d5 2. exd5 Qxd5 3. Nc3 Qd8 4. d4 Nf6 5. Bc4 e6 6. Bf4 a6 7. Nf3 b5 8. Bd3
Bb7 9. Qe2 Bb4 10. O-O O-O 11. Ne4 Nbd7 12. c3 Be7 13. Rad1 Qc8 14. Neg5 h6 15.
Ne4 Nxe4 16. Bxe4 Bxe4 17. Qxe4 c5 18. Qe3 c4 19. Rfe1 Nf6 20. Ne5 Nd5 21. Qg3
Nxf4 22. Qxf4 Bd6 23. Qg4 Qc7 24. Re3 Rfe8 25. Rde1 Rad8 26. Rf3 Bxe5 27. dxe5
Qxe5 28. Rfe3 Qf6 29. Qe2 Rd5 30. Qg4 Red8 31. Qe4 Qf5 32. Qh4 Qc2 33. Rg3 Rd1
34. Rge3 Rxe1+ 35. Rxe1 Rd1 36. f3 Qd2 37. Rxd1 Qxd1+ 38. Kf2 Qd2+ 39. Kf1 Qc1+
40. Kf2 Qxb2+ 41. Kg3 Qxc3 0-1

[Event "Lichtenberger Sommer 2018"]
[Site "?"]
[Date "2018.08.25"]
[Round "8.31"]
[White "Meyer-Dunker, Paul"]
[Black "Korell, Klaus-Peter"]
[Result "1-0"]
[WhiteElo "2017"]
[BlackElo "1847"]
[PlyCount "47"]
[EventDate "2018.??.??"]
[WhiteTeam "SC Friesen Lichtenberg"]
[BlackTeam "SG TT/Wiheil"]

1. e4 e6 2. d4 d5 3. e5 c5 4. c3 Nc6 5. Be3 Qb6 6. Qd2 cxd4 7. cxd4 Bb4 8. Nc3
Nge7 9. Nf3 Bd7 10. Rc1 Rc8 11. Bd3 Na5 12. O-O Nc4 13. Qe2 Qa5 14. Ng5 g6 15.
Qf3 Nf5 16. g4 Nh6 17. Qf6 Rg8 18. Nxh7 Nxg4 19. Qh4 Ncxe3 20. fxe3 Rg7 21.
Qxg4 Rxh7 22. Bxg6 Rg7 23. Bxf7+ Rxf7 24. Rxf7 1-0

[Event "Lichtenberger Sommer 2018"]
[Site "?"]
[Date "2018.08.26"]
[Round "8.32"]
[White "Segerberg, Tomas"]
[Black "Kromer, Thomas"]
[Result "0-1"]
[WhiteElo "2101"]
[BlackElo "1839"]
[PlyCount "80"]
[EventDate "2018.??.??"]
[WhiteTeam "SG NARVA Berlin"]
[BlackTeam "SF Riedlingen"]

1. e4 d6 2. d4 Nf6 3. Bd3 e5 4. Ne2 Nc6 5. d5 Nb4 6. f3 c6 7. c4 Be7 8. Nbc3
Nxd3+ 9. Qxd3 O-O 10. Be3 c5 11. O-O-O a6 12. Kb1 Bd7 13. g4 Qc7 14. Ng3 Rfb8
15. g5 Ne8 16. Nf5 Bf8 17. Bc1 b5 18. Ne2 bxc4 19. Qxc4 Rb4 20. Qc3 Rab8 21.
Rhg1 Qb6 22. Rd2 Nc7 23. Qe3 Nb5 24. Nh6+ Kh8 25. Nxf7+ Kg8 26. g6 hxg6 27. Ng5
Qa5 28. Rd3 c4 29. Rc3 Ra4 30. Qf2 Be7 31. Qh4 Bxg5 32. Qxg5 Be8 33. Kc2 Rxa2
34. f4 Nd4+ 35. Kd1 Nxe2 36. f5 Nxc3+ 37. bxc3 Ba4+ 38. Ke1 Qxc3+ 39. Kf1 Qd3+
40. Ke1 Qe2# 0-1

[Event "Lichtenberger Sommer 2018"]
[Site "?"]
[Date "2018.08.25"]
[Round "8.33"]
[White "Bauder, Herbert"]
[Black "Groß, Thorsten"]
[Result "1/2-1/2"]
[WhiteElo "1886"]
[BlackElo "2170"]
[PlyCount "88"]
[EventDate "2018.??.??"]
[WhiteTeam "Lasker Steglitz-Wilmersdorf"]
[BlackTeam "SC Weisse Dame (Berlin)"]

1. d4 Nf6 2. Nf3 e6 3. c4 b6 4. a3 Bb7 5. Nc3 c5 6. d5 d6 7. e4 e5 8. Be2 Be7
9. O-O O-O 10. Ne1 Nbd7 11. Nd3 Ne8 12. g3 a6 13. a4 Bf6 14. Be3 g6 15. Qd2 Qe7
16. f3 Bg7 17. g4 Nc7 18. Nf2 Bc8 19. Bd3 Rb8 20. Kh1 Rb7 21. Rg1 Nb8 22. Rg2
Bd7 23. Qe2 Ne8 24. Rag1 Qd8 25. Qd2 b5 26. cxb5 axb5 27. Bxb5 Nc7 28. Bxd7
Qxd7 29. Ra1 Nba6 30. Nfd1 Rfb8 31. Rg3 Nb4 32. h4 Qe7 33. Rh3 f5 34. gxf5 gxf5
35. Bh6 Kh8 36. Bxg7+ Qxg7 37. Ne3 Qh6 38. Qe2 f4 39. Nf5 Qf6 40. Rd1 Rg8 41.
Rh2 Rbb8 42. Rg2 Rxg2 43. Qxg2 Rg8 44. Qe2 Rb8 1/2-1/2

[Event "Lichtenberger Sommer 2018"]
[Site "?"]
[Date "2018.08.25"]
[Round "8.34"]
[White "Bruening, Wolfgang"]
[Black "Schulz, Olaf"]
[Result "0-1"]
[WhiteElo "1841"]
[BlackElo "2014"]
[PlyCount "42"]
[EventDate "2018.??.??"]
[WhiteTeam "vereinslos"]
[BlackTeam "vereinslos"]

1. Nf3 d5 2. d4 c6 3. Bf4 Nf6 4. e3 Qb6 5. b3 g6 6. Bd3 Bg4 7. h3 Bxf3 8. gxf3
Nbd7 9. Nd2 Bg7 10. c3 Nh5 11. Bh2 e5 12. Rg1 O-O-O 13. Qc2 f5 14. Bxf5 gxf5
15. Qxf5 exd4 16. cxd4 Bxd4 17. O-O-O Bf6 18. Qxh5 Qc5+ 19. Nc4 dxc4 20. Qxc5
Nxc5 21. bxc4 Nd3+ 0-1

[Event "Lichtenberger Sommer 2018"]
[Site "?"]
[Date "2018.08.25"]
[Round "8.35"]
[White "Hoffmann, Rainer"]
[Black "Püschel, Werner"]
[Result "0-1"]
[WhiteElo "1950"]
[BlackElo "2034"]
[PlyCount "72"]
[EventDate "2018.??.??"]
[WhiteTeam "SV Oberkrämer"]
[BlackTeam "Lasker Steglitz-Wilmersdorf"]

1. Nf3 Nf6 2. c4 g6 3. Nc3 Bg7 4. e4 d6 5. d4 O-O 6. Be2 c5 7. d5 a6 8. O-O Bd7
9. a4 a5 10. h3 Na6 11. Be3 b6 12. Qd2 Re8 13. e5 dxe5 14. Nxe5 Ne4 15. Nxe4
Bxe5 16. f4 Bg7 17. g4 Qc7 18. Kg2 Rad8 19. Bf3 Nb4 20. Kh1 Qc8 21. Rg1 Qa6 22.
Be2 e6 23. Nc3 exd5 24. cxd5 Qa8 25. Kh2 Nc2 26. Qxc2 Rxe3 27. Rad1 Rde8 28.
Rg2 Qb8 29. Rf1 Bxc3 30. bxc3 R3e4 31. c4 Rxf4 32. Kg1 Re3 33. Bd1 Rxh3 34. Qe2
Rxf1+ 35. Qxf1 Qe5 36. Qf2 Rc3 0-1

[Event "Lichtenberger Sommer 2018"]
[Site "?"]
[Date "2018.08.25"]
[Round "8.36"]
[White "Namestnikov, Boris"]
[Black "Kornrumpf, Joachim"]
[Result "1/2-1/2"]
[WhiteElo "1916"]
[BlackElo "2062"]
[PlyCount "74"]
[EventDate "2018.??.??"]
[WhiteTeam "SK Zehlendorf"]
[BlackTeam "Preetzer TSV"]

1. e4 c5 2. Nf3 e6 3. d3 Nc6 4. g3 Nge7 5. Bg2 g6 6. O-O Bg7 7. c3 d5 8. Qe2
O-O 9. e5 Rb8 10. Re1 b5 11. Nbd2 c4 12. d4 b4 13. Nf1 Qa5 14. Qc2 Qb6 15. Qd1
a5 16. Re2 Bd7 17. Bf4 a4 18. Qc1 Qa5 19. Ne3 a3 20. Ng4 axb2 21. Rxb2 bxc3 22.
Rxb8 Nxb8 23. Nf6+ Kh8 24. Bh6 Nf5 25. Bxg7+ Kxg7 26. g4 Ne7 27. Qg5 Ng8 28.
Qh4 h6 29. Ng5 Qd8 30. Ngh7 Re8 31. g5 hxg5 32. Qxg5 Nxf6 33. Nxf6 Rh8 34. Nh5+
Kh7 35. Nf6+ Kg7 36. Nh5+ Kh7 37. Nf6+ Kg7 1/2-1/2

[Event "Lichtenberger Sommer 2018"]
[Site "?"]
[Date "2018.08.25"]
[Round "8.37"]
[White "Mayer, Herbert"]
[Black "Kapr, Klaus"]
[Result "0-1"]
[WhiteElo "1840"]
[BlackElo "1999"]
[PlyCount "80"]
[EventDate "2018.??.??"]
[WhiteTeam "SC Rochade (Berlin)"]
[BlackTeam "SC Friesen Lichtenberg"]

1. f4 d5 2. e3 Nf6 3. b3 e6 4. Bb2 Be7 5. Nf3 c5 6. Bb5+ Bd7 7. Bxd7+ Nbxd7 8.
O-O O-O 9. d3 b5 10. Nbd2 a5 11. a4 b4 12. Ne5 Rc8 13. Qe1 Nxe5 14. Bxe5 Nd7
15. Bb2 Bf6 16. Bxf6 Nxf6 17. Kh1 Ng4 18. h3 Nh6 19. e4 Kh8 20. Rd1 f5 21. e5
Rc7 22. Qf2 Rg8 23. Nf3 Nf7 24. Rd2 g5 25. fxg5 Nxg5 26. Nxg5 Qxg5 27. Qf4 Qh5
28. Qf3 Qh6 29. Qf4 Rg5 30. h4 Rcg7 31. Rf3 Qh5 32. Rh3 Rg4 33. Qf3 f4 34. Rf2
Qxe5 35. Re2 Qf5 36. Rf2 h5 37. Qe2 Rxg2 38. Rhf3 Rg1+ 39. Kh2 R1g3 40. Kh1
Qh3+ 0-1

[Event "Lichtenberger Sommer 2018"]
[Site "?"]
[Date "2018.08.25"]
[Round "8.39"]
[White "Schmidt, Jürgen"]
[Black "Plaza Reino, Agustin"]
[Result "1-0"]
[WhiteElo "1874"]
[BlackElo "1944"]
[PlyCount "87"]
[EventDate "2018.??.??"]
[WhiteTeam "SC Kreuzberg"]
[BlackTeam "Enniscorthy Chess Club"]

1. e4 c5 2. Nf3 e6 3. d4 cxd4 4. Nxd4 a6 5. Nc3 Qc7 6. Bd3 Nc6 7. Be3 Nf6 8.
Qe2 Bb4 9. O-O Ne5 10. h3 Bxc3 11. bxc3 Qxc3 12. f4 Nxd3 13. cxd3 O-O 14. Nb3
d6 15. Bd4 Qc7 16. e5 dxe5 17. fxe5 Nd7 18. Rac1 Qd8 19. Rf4 f6 20. Rcf1 fxe5
21. Rxf8+ Nxf8 22. Qxe5 Qd7 23. Bc5 Ng6 24. Qg3 b6 25. Bxb6 Bb7 26. Bc5 Qd5 27.
Rf2 Rc8 28. d4 e5 29. dxe5 Rxc5 30. Nxc5 Qxc5 31. e6 Qc1+ 32. Kh2 Qc8 33. Qd6
Bc6 34. Rc2 Ne7 35. Qxe7 Qb8+ 36. g3 h6 37. Qf7+ Kh8 38. e7 Be8 39. Qf8+ Kh7
40. Rf2 Qb6 41. Qf5+ Kh8 42. Qc2 Bg6 43. e8=Q+ Bxe8 44. Rf8# 1-0

[Event "Lichtenberger Sommer 2018"]
[Site "?"]
[Date "2018.08.25"]
[Round "8.40"]
[White "Matitschka, Johannes"]
[Black "Tschernatsch, Johannes"]
[Result "1-0"]
[WhiteElo "1774"]
[BlackElo "1714"]
[PlyCount "63"]
[EventDate "2018.??.??"]
[WhiteTeam "TSG Oberschöneweide"]
[BlackTeam "USV Potsdam"]

1. e4 c5 2. Nf3 d6 3. d3 Nf6 4. g3 g6 5. Bg2 Nc6 6. Nbd2 Bg7 7. O-O O-O 8. c3
e5 9. a4 d5 10. exd5 Nxd5 11. Nb3 b6 12. d4 cxd4 13. cxd4 Bb7 14. dxe5 Nxe5 15.
Nxe5 Bxe5 16. Re1 Bg7 17. Rb1 Qd7 18. Bg5 Rfe8 19. Qd2 Qf5 20. Be3 Rad8 21. Bd4
Rxe1+ 22. Rxe1 Bf8 23. Re5 Qb1+ 24. Re1 Qa2 25. Qg5 Rd6 26. Re8 Nc7 27. Qe5
Rxd4 28. Nxd4 Qb1+ 29. Qe1 Qxb2 30. Rd8 Bxg2 31. Kxg2 Qb4 32. Qxb4 1-0

[Event "Lichtenberger Sommer 2018"]
[Site "?"]
[Date "2018.08.25"]
[Round "8.41"]
[White "Birkholz, Axel"]
[Black "Bartoszewski-Reiski, Olaf"]
[Result "0-1"]
[WhiteElo "1858"]
[BlackElo "1873"]
[PlyCount "68"]
[EventDate "2018.??.??"]
[WhiteTeam "SR Spaichingen"]
[BlackTeam "Korona Gdansk"]

1. e4 c5 2. Nf3 Nc6 3. d4 cxd4 4. Nxd4 g6 5. c4 Nf6 6. Nc3 Nxd4 7. Qxd4 d6 8.
Be2 Bg7 9. Be3 O-O 10. Qd2 Be6 11. O-O Qa5 12. f3 Rfc8 13. b3 a6 14. Nd5 Qxd2
15. Bxd2 Nxd5 16. exd5 Bxa1 17. dxe6 Bd4+ 18. Kh1 fxe6 19. f4 Rab8 20. Bg4 Kg7
21. Bxe6 Rf8 22. g4 b5 23. f5 bxc4 24. Bxc4 Rbc8 25. h4 Bf6 26. h5 g5 27. a4
Rc6 28. Re1 h6 29. Bb4 Rfc8 30. Bd2 Rxc4 31. bxc4 Rxc4 32. a5 Rxg4 33. Rb1 Ra4
34. Kg1 Ra1 0-1

[Event "Lichtenberger Sommer 2018"]
[Site "?"]
[Date "2018.08.25"]
[Round "8.42"]
[White "Baranowsky, Peter"]
[Black "Bornschein, Burkhard"]
[Result "0-1"]
[WhiteElo "1848"]
[BlackElo "1971"]
[PlyCount "44"]
[EventDate "2018.??.??"]
[WhiteTeam "SF 1903 Berlin"]
[BlackTeam "BSC Rehberge"]

1. e4 c5 2. Nc3 Nc6 3. f4 g6 4. Nf3 Bg7 5. Bc4 e6 6. O-O Nge7 7. e5 d5 8. exd6
Qxd6 9. d3 a6 10. Ne4 Qc7 11. c3 b6 12. Qe2 O-O 13. Bd2 Nd5 14. Nh4 Nce7 15. f5
exf5 16. Ng5 Bd7 17. Nxf5 Bxf5 18. Rxf5 gxf5 19. Rf1 h6 20. Nxf7 Rxf7 21. Qe6
Qe5 22. Bxd5 Qxd5 0-1

[Event "Lichtenberger Sommer 2018"]
[Site "?"]
[Date "2018.08.25"]
[Round "8.43"]
[White "Fiß, Wolfgang"]
[Black "Krieger, Fabian"]
[Result "0-1"]
[WhiteElo "1757"]
[BlackElo "1936"]
[PlyCount "70"]
[EventDate "2018.??.??"]
[WhiteTeam "SC Oranienburg"]
[BlackTeam "SV Mattnetz Berlin"]

1. d4 Nf6 2. Nf3 g6 3. g3 Bg7 4. Bg2 O-O 5. O-O d6 6. c3 c6 7. Nbd2 Qc7 8. Re1
Nbd7 9. Qb3 b6 10. e4 e5 11. dxe5 dxe5 12. Qc2 a5 13. Nf1 Ba6 14. Bg5 h6 15.
Bxf6 Nxf6 16. Rad1 Kh7 17. Ne3 Rfd8 18. c4 Nd7 19. Nd2 Nc5 20. Nb3 Qe7 21. Re2
Ne6 22. Rxd8 Rxd8 23. Rd2 Nd4 24. Nxd4 Rxd4 25. Rxd4 exd4 26. Nf1 Qd6 27. Qd3
Qb4 28. b3 a4 29. f4 Qc3 30. Qd1 d3 31. e5 Bf8 32. Bxc6 Qc2 33. Qd2 Bc5+ 34.
Kg2 axb3 35. axb3 Be3 0-1